000 00526nam a2200169Ia 4500
003 GCL
008 140319s9999 xx 000 0 ara d
040 _aGCL /
_cGCL
082 0 4 _aم
_b920.72
_bس م
100 1 _aسنية قراعة
245 1 0 _aمسلمات خالدات : المجموعة الاولى /
_cسنية قراعة
300 _a458 ص
490 _aماذا اعرف
_v0
650 0 4 _aزوجات النبى صلى الله عليه وسلم
650 0 4 _aالمرأة فى الاسلام
942 _2ddc
_cREF
999 _c59654
_d59654